[Event "Hamburg-chT Landesliga 1516"]
[Site "Hamburg"]
[Date "2016.04.23"]
[Round "8.8"]
[White "Elbracht, Michael"]
[Black "Biemann, Marco"]
[Result "1/2-1/2"]
[WhiteElo "1993"]
[BlackElo "1901"]
[PlyCount "30"]
[EventDate "2015.09.20"]
[EventType "team-tourn"]
[EventRounds "9"]
[EventCountry "GER"]
[SourceTitle "EXT 2022"]
[Source "ChessBase"]
[SourceDate "2021.10.06"]
[SourceVersion "1"]
[SourceVersionDate "2021.10.06"]
[SourceQuality "1"]
[WhiteTeam "Hamburger SK IV"]
[BlackTeam "St Pauli II"]
[WhiteTeamCountry "GER"]
[BlackTeamCountry "GER"]

1. e4 e6 2. d4 d5 3. Nc3 dxe4 4. Nxe4 Bd7 5. Nf3 Bc6 6. Bd3 Nd7 7. 0-0 Ngf6 8. Qe2 Bxe4 9. Bxe4 Nxe4 10. Qxe4 c6 11. Bg5 Be7 12. Bxe7 Qxe7 13. c4 Nf6 14. Qe5 0-0 15. Rfd1 Rfd8 1/2-1/2

[Event "Hamburg St Pauli op-A"]
[Site "Hamburg"]
[Date "2014.07.26"]
[Round "8"]
[White "Biemann, Marco"]
[Black "Hein, Ralf"]
[Result "1/2-1/2"]
[WhiteElo "1998"]
[BlackElo "2071"]
[PlyCount "45"]
[EventDate "2014.07.19"]
[EventType "swiss"]
[EventRounds "9"]
[EventCountry "GER"]
[SourceTitle "CBM 161 Extra"]
[Source "ChessBase"]
[SourceDate "2014.08.29"]
[SourceVersion "1"]
[SourceVersionDate "2014.08.29"]
[SourceQuality "1"]

1. e4 c5 2. Nc3 Nc6 3. f4 d6 4. Nf3 e5 5. d3 Nf6 6. Be2 Be7 7. 0-0 Bd7 8. Kh1 a6 9. a4 h6 10. Qe1 exf4 11. Bxf4 g5 12. Bg3 Be6 13. Bd1 Qd7 14. e5 Nh5 15. Bf2 d5 16. Nd2 Nf4 17. Nb3 d4 18. Ne4 Nxe5 19. Nbxc5 Qd5 20. Nxe6 Nxe6 21. Bg3 Ng6 22. Nf6+ Bxf6 23. Rxf6 1/2-1/2